Britannica Atlas

Guardado en:
Detalles Bibliográficos
Formato: Libro
Lenguaje:inglés
Publicado: Chicago Encyclopaedia Britannica 1991
Edición:1. ed.
Etiquetas: Agregar Etiqueta
Sin Etiquetas, Sea el primero en etiquetar este registro!

MARC

LEADER 00000nam a2200000 4500
001 c001843
005 20221214102010.2
020 |a 0-85229-559-6 
041 0 |a eng 
044 |a US 
245 1 0 |a Britannica Atlas 
250 |a 1. ed. 
264 1 |a Chicago  |b Encyclopaedia Britannica  |c 1991 
300 |a 320,199 s.